KOHA-Header-6

Programmable logic Controllers (Record no. 2267)

000 -LEADER
fixed length control field 00311nam a2200121Ia 4500
008 - FIXED-LENGTH DATA ELEMENTS--GENERAL INFORMATION
fixed length control field 190802s9999 xx 000 0 und d
020 ## - INTERNATIONAL STANDARD BOOK NUMBER
International Standard Book Number 13:978-93-5260-212-4
100 ## - MAIN ENTRY--PERSONAL NAME
Personal name Frank D.Petruzella
245 #0 - TITLE STATEMENT
Title Programmable logic Controllers
260 ## - PUBLICATION, DISTRIBUTION, ETC. (IMPRINT)
Place of publication, distribution, etc India
Name of publisher, distributor, etc Mc Graw Hill
Date of publication, distribution, etc 2017
300 ## - PHYSICAL DESCRIPTION
Extent 396:p
942 ## - ADDED ENTRY ELEMENTS (KOHA)
Koha item type Books
Holdings
Withdrawn status Lost status Source of classification or shelving scheme Damaged status Not for loan Collection code Permanent Location Current Location Shelving location Date acquired Full call number Barcode Date last seen Price effective from Koha item type
        Not For Loan Computer Science Computing and Engineering Library Block-D Computing and Engineering Library Block-D Shelf No.A32 2019-08-03 629.89 8890 2019-08-03 2019-08-03 Computer Science

Powered by Koha